Quiz Matematica - Statistics

Statistiche generali
  • Questo quiz è stato fatto 113 volte
  • Il punteggio medio è 5 su 12
Statistiche sulle risposte
Traccia Risultato % Corretto
5x - 2 = 13 x = 3
96%
Media aritmetica (4, 12, 7, 1) 6
90%
[5 + 3(4/2)]/[10 * 2 + 2] 0,5
73%
Nell’Insieme R, qual è il punto di divergenza della Funzione Zeta di Riemman? 1
66%
V parallelepipedo | Ab = 6 cm² | h = 5 cm 30 cm³
55%
(5²/5) * {[6⁷/(6²)³] + [(2⁴/2²) - (6²/3²)]} + 1 31
35%
3! * [20% * (1/3 * 1200)] 480
30%
√[(-20^-2)* 400 + 5] + (7 + 12)² 363
14%
Si di un pentagono 540º
6%
SD20 * 2 800
2%
T20 + (2π + 158⁰) ≈ 217,28
1%
T50 + 1000 2275
1%
Nessun quiz corrispondente trovato
Distribuzione punteggi
Percentuale di utenti per punteggio
Percentile per numero di risposta
I tuoi punteggi nel tempo
Non hai fatto questo quiz